Services marketing (Record no. 150178)

MARC details
000 -LEADER
fixed length control field 00353nam a2200145Ia 4500
008 - FIXED-LENGTH DATA ELEMENTS--GENERAL INFORMATION
fixed length control field 230917s9999||||xx |||||||||||||| ||und||
040 ## - CATALOGING SOURCE
-- 148917
Original cataloging agency VIVEKANANDA LIBRARY
041 ## - Language
-- English
082 ## - DDC NUMBER
Classification number 658.8 A83S
100 ## - MAIN ENTRY--PERSONAL NAME
Personal name Apte, Govind
245 #0 - TITLE STATEMENT
Title Services marketing
260 ## - PUBLICATION, DISTRIBUTION, ETC. (IMPRINT)
Place of publication, distribution, etc New Delhi
Name of publisher, distributor, etc Oxford University Press
Date of publication, distribution, etc 2009
300 ## - PHYSICAL DESCRIPTION
Pages 440 p.
942 ## - ADDED ENTRY ELEMENTS (KOHA)
Koha item type Books
Holdings
Withdrawn status Lost status Damaged status Not for loan Location (home branch) Sublocation or collection (holding branch) Date acquired Koha issues (times borrowed) Koha full call number Accession No. Koha date last seen Koha item type Shelving location
        VIVEKANANDA LIBRARY VIVEKANANDA LIBRARY 26/03/2010 1 658.8 A83S 271638 21/04/2025 Books  
        VIVEKANANDA LIBRARY VIVEKANANDA LIBRARY 26/03/2010   658.8 A83S 271639 17/09/2023 Books  
        VIVEKANANDA LIBRARY VIVEKANANDA LIBRARY 26/03/2010   658.8 A83S 278239 17/09/2023 Books IHTM Library
        VIVEKANANDA LIBRARY VIVEKANANDA LIBRARY 26/03/2010   658.8 A83S 302966 17/09/2023 Books IHTM Library
        VIVEKANANDA LIBRARY VIVEKANANDA LIBRARY 26/03/2010   658.8 A83S 302967 17/09/2023 Books IHTM Library
        VIVEKANANDA LIBRARY VIVEKANANDA LIBRARY 26/03/2010   658.8 A83S 302968 17/09/2023 Books IHTM Library
        VIVEKANANDA LIBRARY VIVEKANANDA LIBRARY 26/03/2010   658.8 A83S 303530 17/09/2023 Books IHTM Library
        VIVEKANANDA LIBRARY VIVEKANANDA LIBRARY 26/03/2010   658.8 A83S 303531 17/09/2023 Books IHTM Library
        VIVEKANANDA LIBRARY VIVEKANANDA LIBRARY 26/03/2010   658.8 A83S 339836 17/09/2023 Books IMSAR Library
        VIVEKANANDA LIBRARY VIVEKANANDA LIBRARY 26/03/2010   658.8 A83S 339837 17/09/2023 Books IMSAR Library
        VIVEKANANDA LIBRARY VIVEKANANDA LIBRARY 26/03/2010   658.8 A83S 339838 17/09/2023 Books IMSAR Library
© Designed and Maintained by Vivekananda Library, MDU Rohtak